Galería Nacional de Londres
Bewaard in:
| Hoofdauteur: | |
|---|---|
| Formaat: | Boek |
| Taal: | Spaans |
| Gepubliceerd in: |
Madrid
Codex
1967
|
| Reeks: | El Mundo de los Museos
|
| Onderwerpen: | |
| Tags: |
Voeg label toe
Geen labels, Wees de eerste die dit record labelt!
|
MARC
| LEADER | 00000cam a2200000 a 4500 | ||
|---|---|---|---|
| 001 | UCZ3675 | ||
| 003 | CL-VaPUC | ||
| 008 | 951027e19670000SP |||||||||||||||||spa|d | ||
| 082 | 0 | 4 | |a 708.21 |b HEN |2 21 |
| 100 | |a Hendy, Philip |e author |9 572135 | ||
| 245 | 1 | 0 | |a Galería Nacional de Londres |
| 300 | |a 86 p | ||
| 942 | |c BK | ||
| 945 | |d 19951027 00:00:00 |a rleighto | ||
| 260 | |a Madrid |b Codex |c 1967 | ||
| 650 | 0 | |a Museos de arte |9 265235 | |
| 650 | 0 | |a Bellas artes |9 334299 | |
| 650 | 7 | |a EXPOSICIONES ARTISTICAS |2 CL-VaPUC |9 347493 | |
| 650 | 7 | |a GALERIAS DE ARTE |2 CL-VaPUC |9 347494 | |
| 650 | 0 | |a Artes decorativas |9 266306 | |
| 651 | 7 | |a LONDRES |2 CL-VaPUC |9 347495 | |
| 651 | 0 | |a Inglaterra |9 255158 | |
| 583 | |a last modification |c 20131206 02:12:25 |k Rodrigo Vera | ||
| 490 | 0 | |a El Mundo de los Museos | |
| 999 | |c 240125 |d 240123 | ||
| 952 | |0 0 |1 0 |4 0 |6 708_210000000000000_HEN_1967 |7 0 |8 A |9 251757 |a BIBARQ |b BIBARQ |d 2019-11-18 |i 3145514 |o 708.21 HEN 1967 |p 3145514 |r 2025-01-20 |w 2019-11-18 |y BK |k ARQ | ||
| 952 | |0 0 |1 0 |3 erb |4 0 |6 708_210000000000000_HEN_1967 |7 0 |8 A |9 251758 |a BIBART |b BIBART |i 5028728 |o 708.21 HEN 1967 |p 5028728 |r 2025-03-13 |w 2019-11-18 |y BK |z Catalogado en:20131206 |k ART | ||